000 00305nam a22001337a 4500
003 SGT
082 _a297.2720954,ALA
100 _aALAM,MUZAFFAR
245 _aTHE LANGUAGES OF POLITICAL ISLAM
260 _aNEW DELHI
_bPERMANENT PUBLICATION
_c2005
300 _a244
650 _aRELIGION
942 _2ddc
_cBK
999 _c9688
_d9688